PSICOLOGIA PASTORAL : (Registro nro. 39361)
[ vista simple ]
| 000 -LEADER | |
|---|---|
| fixed length control field | 00801nam a2200217 a 4500 |
| 001 - CONTROL NUMBER | |
| control field | 39361 |
| 005 - DATE AND TIME OF LATEST TRANSACTION | |
| control field | 20180714012905.0 |
| 008 - FIXED-LENGTH DATA ELEMENTS--GENERAL INFORMATION | |
| fixed length control field | 140415s1997 sp 000 0 spa d |
| 020 ## - INTERNATIONAL STANDARD BOOK NUMBER | |
| International Standard Book Number | 8433012177 |
| 041 ## - LANGUAGE CODE | |
| Language code of text/sound track or separate title | spa |
| 082 ## - DEWEY DECIMAL CLASSIFICATION NUMBER | |
| Classification number | 253.52 |
| Item number | BAU |
| 100 1# - MAIN ENTRY--PERSONAL NAME | |
| Personal name | BAUMGARTNER, ISIDOR |
| 245 10 - TITLE STATEMENT | |
| Title | PSICOLOGIA PASTORAL : |
| Remainder of title | INTRODUCCION A LA PRAXIS DE LA PASTORAL CURATIVA |
| 250 ## - EDITION STATEMENT | |
| Edition statement | 1a ed. |
| 260 ## - PUBLICATION, DISTRIBUTION, ETC. | |
| Place of publication, distribution, etc. | ESPAÑA : |
| Name of publisher, distributor, etc. | DESCLEE DE BROUWER, |
| Date of publication, distribution, etc. | 1997 |
| 300 ## - PHYSICAL DESCRIPTION | |
| Extent | 757 |
| Dimensions | x 15.6 x 23.8 |
| 520 ## - SUMMARY, ETC. | |
| Summary, etc. | SE BASA EN EL RELATO BIBLICO DEL CAMINO DE EMAUS, PARA PRESENTAR UN ACOMPAÑAMIENTO QUE TRATA DE CURAR Y LIBERAR AL ESTILO EVANGELICO. EN EL SE MUESTRA COMO ACOMPAÑAR A PERSONAS EN CRISIS. |
| 650 14 - SUBJECT ADDED ENTRY--TOPICAL TERM | |
| Topical term or geographic name entry element | PSICOLOGIA PASTORAL |
| 700 1# - ADDED ENTRY--PERSONAL NAME | |
| Personal name | HURTADO, GORKA |
| Relator term | tr. |
| 740 ## - ADDED ENTRY--UNCONTROLLED RELATED/ANALYTICAL TITLE | |
| Uncontrolled related/analytical title | PASTORAL PSYCHOLOGIE |
| Withdrawn status | Lost status | Source of classification or shelving scheme | Damaged status | Not for loan | Collection code | Home library | Current library | Shelving location | Date acquired | Source of acquisition | Inventory number | Total Checkouts | Full call number | Barcode | Date last seen | Date last checked out | Price effective from | Koha item type |
|---|---|---|---|---|---|---|---|---|---|---|---|---|---|---|---|---|---|---|
| Dewey Decimal Classification | General | Biblioteca Karol Wojtyla | Biblioteca Karol Wojtyla | Sala general | 03/12/2013 | Compra | 151000000000000000056627 | 253.52 BAU | 59072 | 05/01/2026 | 25/10/2017 | 03/12/2013 | Libro |